| 000 | 00454nam a2200109Ia 4500 | ||
|---|---|---|---|
| 008 | 160909s9999 xx 000 0 und d | ||
| 100 | _aWang, Yujue | ||
| 245 | _aQuantifying the effects of uncertainty to manage cyber-security risk and enable adaptivity in power grid wide area monitoring and control applications | ||
| 260 |
_bWashington State University. _c2016 |
||
| 650 | _aMASS COM | ||
| 856 | _uhttp://pqdtopen.proquest.com/doc/1805096765.html?FMT=ABS | ||
| 999 |
_c304201 _d304201 |
||